Ciele a výsledky základného výskumu na Drevárskej fakulte VŠLD vo Zvolene

Bibliographic Details
Main Authors: Krutel, František, 1927-1990 (Author), Šúriková, Anna, 1945- (Author), Oswald, Anton (Author)
Format: Article
Language:Slovak
Subjects:

MARC

LEADER 00000nab a2200000 a 4500
001 vtls000361577
003 SK-MaSNL
005 20260303215058.0
008 111202c1988 xo 0 slo
015 |a SNBRA19rr/mm-uuuuu 
035 |a CL0361699 
040 |a SNKBUCL  |b slo  |c SNKBUCL  |e AACR2 
041 0 |a slo 
044 |a xo  |c SK 
080 |a 674.03:539.2.001.5  |2 1981 
080 |a 539.2.001.5  |2 1981 
080 |a 378.663.001.5  |2 1981 
100 1 |a Krutel, František,  |d 1927-1990  |4 aut  |9 186377 
245 1 0 |a Ciele a výsledky základného výskumu na Drevárskej fakulte VŠLD vo Zvolene  |c František Krutel, Anna Šuriková, Anton Oswald 
610 2 7 |a Vysoká škola lesnícka a drevárska vo Zvolene.  |b Drevárska fakulta  |2 SNKKA  |9 177233 
650 0 7 |a drevo  |2 snkbucl  |9 3560 
651 7 |a 5311  |2 snkbucl  |9 277975 
655 7 |a články zo zborníkov  |2 snkbucl  |9 166140 
700 1 |a Šúriková, Anna,  |d 1945-  |4 aut  |9 112051 
700 1 |a Oswald, Anton  |4 aut  |9 8178 
773 0 |t Vedeckotechnický rozvoj v drevospracujúcom priemysle  |d Zvolen : Vysoká škola lesnícka a drevárska, 1988 
850 |a Slovenská národná knižnica v Martine  |a MTA001 
852 |a SNK  |b KIS3GCP 
958 |a RK 
992 |a RZB 
999 |c 2220018  |d 2221948